| 000 | 01031cam a2200301 a 4500 | ||
|---|---|---|---|
| 001 | 25072 | ||
| 003 | BD-RjUL | ||
| 005 | 20211209050827.0 | ||
| 008 | 140316s1953 enk 001 0 eng d | ||
| 035 | _a(BD-RjUL)25141 | ||
| 040 |
_aDLC _cDZM _dm.c _dBD-RjUL _beng |
||
| 041 | _aeng | ||
| 082 |
_a325.254 _bCUI 1953 |
||
| 100 | 1 |
_aCumpston, I. M. _977121 |
|
| 245 | 1 | 0 |
_aIndians overseas in British territories, 1834-1854 / _cby I. M. Cumpston. |
| 260 |
_aOxford University Press : _bLondon, _c1953. |
||
| 300 |
_ax, 198 p. ; _c23 cm. |
||
| 490 | 1 | _aOxford historical series. British series | |
| 504 | _aIncludes bibliography and index. | ||
| 650 | 0 |
_aEast Indians _zForeign countries. _977122 |
|
| 650 | 0 |
_aForeign workers, East Indian _xHistory _y19th century. _977124 |
|
| 650 | 0 |
_aAgricultural laborers, Foreign _xHistory _y19th century. _977125 |
|
| 651 | 0 |
_aIndia _xEmigration and immigration. _977126 |
|
| 830 | 0 |
_aOxford historical series. _977128 |
|
| 942 |
_2ddc _cBK |
||
| 999 |
_c25072 _d25072 |
||